00808 a2200193 4500003000500000005001700005040000900022082001000031245004800041260004700089300001100136505017300147538003200320650002900352942001200381999001900393952010100412952010100513Nust20170207154215.0 cNust a378.4 aInzibat 2005-2006cCorps of Military Police aRawalpindibCorps of Military Policec2005 a110 p. aMessages/Notes (page-7) Brainstorming Professional Articles (page-12) NON- Professional Articles (page-68) Distinguished Provosts (page-86) Pictorial Section (page-95)  aAlmirah No. 117 shelf No. 2 aCorps of Military Police 2ddccBK c195073d195073 00102ddc40708NFICaMCSbMCSd2016-12-12l0o378.4 INZpMCSPS-85r2016-12-08w2016-12-12yBK 00102ddc40708NFICaMCSbMCSd2016-12-12l0o378.4 INZpMCSPS-86r2016-12-08w2016-12-12yBK